000
00300nam a22001337a 4500
008
170810b xxu||||| |||| 00| 0 eng d
020
_a
0470265884
041
_a
eng
080
_a
004
100
_a
35
101
_a
SHKI
245
_a
INTRODUCTION TO SIMULATION AND SLAM
_c
ALAN, A
942
_2
udc
_c
BK
999
_c
23111
_d
23111